000 01110nam a2200229Ia 4500
999 _c53166
_d53166
001 20205
003 GE_BSU
005 20200610191357.0
008 181216s2016||||ge |||||||||||||| ||geo||
020 _a9789941115325
040 _cGE_BSU
041 _ageo
080 _a811.353.(038):811.222(038) რ-56
100 _aრიგი, მოჰამედ
_98329
245 _aქართულ-სპარსული ლექსიკონი /
_cმოჰამედ, რიგი
300 _a654 გვ. ;
_c29 სმ.
500 _aწიგნი დაიბეჭდა საქართველოში ირანის ისლამური რესპუბლიკის საელჩოს კულტურის განყოფილების მხარდაჭერით
546 _aგარეკანი და თავფურცელი აგრეთვე სპარსულ ენაზე
653 _aლექსიკონი
653 _aქართულ-სპარსული ლექსიკონი
942 _cBK
_2udc